MARC

LEADER 00000nam0a2200000 4500
001 371169
005 20231102012343.0
035 |a (RuTPU)RU\TPU\retro\28579 
035 |a RU\TPU\book\81292 
090 |a 371169 
100 |a 20220926d1980 m y0rusy50 ca 
101 1 |a fre  |c rus 
102 |a RU 
105 |a a j 000zy 
200 1 |a Сборник задач и упражнений по теоретической электротехнике  |d Problemes et exercices d'electrotechnique generale  |f М. Ю. Зайчик 
210 |a Москва  |c Мир  |d 1980 
215 |a 366 с.  |c ил. 
300 |a На французском языке 
454 1 |0 (RuTPU)RU\TPU\book\81292  |t Сборник задач и упражнений по теоретической электротехнике  |o учебное пособие для электротехнических специальностей техникумов техникумов  |f М. Ю. Зайчик  |e 5-е изд., перераб.   |c Москва  |n Энергия  |d 1978  |p 359 с.  |a Зайчик, Моисей Юрьевич 
510 1 |a Problemes et exercices d'electrotechnique generale  |z fre 
606 1 |a Электротехника теоретическая  |2 stltpush  |3 (RuTPU)RU\TPU\subj\20909  |9 45970 
610 1 |a постоянный электрический ток 
610 1 |a четырехполюсники 
610 1 |a нелинейные электрические цепи 
610 1 |a магнитное поле 
610 1 |a магнитная цепь 
610 1 |a электромагнитная индукция 
610 1 |a электростатическое поле 
610 1 |a электрическая емкость 
610 1 |a переменный электрический ток 
610 1 |a резонанс 
610 1 |a трехфазные цепи 
610 1 |a переходные процессы 
610 1 |a задачи 
610 1 |a упражнения 
610 1 |a сборники 
610 1 |a французский язык 
675 |a 621.3.01(076)  |v 3 
700 1 |a Зайчик  |b М. Ю.  |g Моисей Юрьевич 
801 1 |a RU  |b 63413507  |c 20050408  |g PSBO 
801 2 |a RU  |b 63413507  |c 20220926  |g PSBO 
942 |c BK